A guide to the Oral History Collection, Texas A&M University /

Bibliographic Details
Main Author: Anderson, Terry H., 1946-
Other Authors: Terry, Margaret, Anderson, Emily
Format: Book
Language:English
Published: College Station, Tex. : Sterling C. Evans Library, Texas A&M University, 1981.
Subjects:

MARC

Tag First Indicator Second Indicator Subfields
LEADER 00000cam a2200000 a 4500
001 in00000036094
005 20151007055348.0
008 830721s1981 txu c 00010 eng d
035 |a (OCoLC)09723452 
035 |9 AAB8028AM 
040 |a IXA  |c IXA  |d m/c  |d TXA  |d UtOrBLW 
049 |a TXAM  |c [A11650970] 
050 4 |a Z688.O5  |b A533 1981 
100 1 |a Anderson, Terry H.,  |d 1946- 
245 1 2 |a A guide to the Oral History Collection, Texas A&M University /  |c compiled by Terry Anderson, Margaret Terry, Emily Anderson. 
264 1 |a College Station, Tex. :  |b Sterling C. Evans Library, Texas A&M University,  |c 1981. 
300 |a 47 pages ;  |c 28 cm. 
336 |a text  |b txt  |2 rdacontent 
337 |a unmediated  |b n  |2 rdamedia 
338 |a volume  |b nc  |2 rdacarrier 
536 |a Gift of Ben Allen Jr. '56. 
610 2 0 |a Texas A & M University.  |b Oral History Collection. 
650 0 |a Oral history  |x Library resources  |x Catalogs. 
700 1 |a Terry, Margaret. 
700 1 |a Anderson, Emily. 
999 |a MARS 
999 f f |s 0ce2bd3e-b4bd-326c-a847-b2545c8d22e5  |i 1c8dd296-a86e-3ff7-840b-9b308a15e8db  |t 0 
952 f f |p noncirc  |a Texas A&M University  |b College Station  |c Cushing Memorial Library & Archives  |d Cushing: Texas A&M (Does not check out)  |t 0  |e Z688.O5 A533 1981  |h Library of Congress classification  |i unmediated -- volume 
952 f f |p ric  |a Texas A&M University  |b Rellis Campus  |c Joint Library Facility  |d Remote Storage  |t 0  |e Z688.O5 A533 1981  |h Library of Congress classification  |i unmediated -- volume  |m A14834998290 
998 f f |a Z688.O5 A533 1981  |t 0  |l Remote Storage 
998 f f |a Z688.O5 A533 1981  |t 0  |l Cushing: Texas A&M (Does not check out)